000 00625nam a2200277Ia 4500
005 20260324122056.0
008 008 260324s9999 xx 000 0 eng d
020 _a9780203591208
037 _aEBOOK
040 _aCRL
040 _beng
040 _cCRL
041 _2eng
041 _aeng
084 _qCRL
100 _aNigel Bradley; Jim Blythe
_91165015
245 0 _aDemarketing
260 _bTaylor and Francis
260 _c2013
365 _a
365 _b230
856 _uhttp://www.taylorfrancis.com/books/9780203591208
942 _cEBOOK
999 _c1757497
_d1757497